Statistics for Country Logic Puzzle by Scambigol #11

Click here to take the quiz!

General Stats

  • This quiz has been taken 80 times
  • The average score is 19 of 24

Answer Stats

Country % Correct
Fiji
90%
Cuba
84%
Samoa
82%
Qatar
82%
Uruguay
80%
Peru
80%
Vanuatu
80%
Oman
80%
Zambia
80%
Haiti
78%
Benin
78%
Yemen
78%
Nauru
76%
Mali
76%
Togo
76%
Laos
75%
Iraq
75%
Albania
75%
Jamaica
75%
Denmark
73%
Ghana
73%
Estonia
71%
Russia
69%
Kosovo
67%

Score Distribution

Percentile by Number Answered

Percent of People with Each Score

Your Score History

You have not taken this quiz